El futuro de la democracia (Registro nro. 14102)
[ vista simple ]
| 000 -CABECERA | |
|---|---|
| Longitud fija campo de control | 00651nam a2200205 a 4500 |
| 003 - • IDENTIFICADOR DELl NÚMERO DE CONTROL | |
| Identificador del número de control | CO-ViMGA |
| 008 - • CÓDIGOS DE INFORMACIÓN DE LONGITUD FIJA | |
| Códigos de información de longitud fija | 141112s2004 ck r 000 u spa d |
| 040 ## - FUENTE DE LA CATALOGACIÓN | |
| Centro catalogador de origen | CO-ViMGA |
| Lengua de catalogación | spa |
| Centro transcriptor | CO-ViMGA |
| 082 04 - • NÚMERO DE LA CLASIFICACIÓN DECIMAL DEWEY | |
| Número de clasificación (R) | 321.8 B611f |
| 100 1# - • PUNTO DE ACCESO PRINCIPAL-NOMBRE DE PERSONA | |
| Nombre de persona | Bobbio, Norberto |
| 245 10 - • TITULO PROPIAMENTE DICHO | |
| Título | El futuro de la democracia |
| 250 ## - • MENCIÓN DE EDICIÓN | |
| Mención de edición | 2a |
| 300 ## - • DESCRIPCIÓN FÍSICA | |
| Extensión | 214 p |
| 490 ## - • MENCIÓN DE SERIE | |
| Mención de serie | Política y derecho |
| 505 ## - • NOTA DE CONTENIDO CON FORMATO | |
| Nota de contenido con formato | Democracia representativa y democracia directa 49 - - Liberalismo nuevo y viejo 119 - - Contrato y contractualismo en el debate actual 143 |
| 650 14 - • PUNTO DE ACCESO ADICIONAL DE MATERIA - TÉRMINO DE MATERIA | |
| Término de materia o nombre geográfico como elemento inicial | DEMOCRACIA |
| 942 ## - ENTRADA DE ELEMENTOS AGREGADOS (KOHA) | |
| Fuente de clasificaión o esquema | Dewey Decimal Classification |
| Koha [por defecto] tipo de item | LIbro |
No hay ítems disponibles.